Normal view
MARC view
- Baja California
Entry Nombre Geográfico
001 - NÚMERO DE CONTROL
- campo de control: 7453
003 - IDENTIFICADOR DE NUMERO DE CONTROL
- campo de control: UPN
005 - FECHA Y HORA DE LA ÜLTIMA TRANSACCIÓN
- campo de control: 20230509141037.0
008 - DATOS DE LONGITUD FIJA
- campo de control de longitud fija: 230509nn fnznnbaba n ana |d
035 ## - NÚMERO DE CONTROL
- Número de control: UPN10000007457
040 ## - FUENTE DE CATALOGACIÓN
- Lenguaje de catalogación: spa
- Agencia de catalogación original: MX-MxUPN
053 #4 - NÚMERO DE CLASIFICACIÓN LC
- Elemento de número de clasificación-número único o número de inicio de tramo: F1246
151 ## - ENCABEZAMIENTO - NOMBRE GEOGRÁFICO
- Nombre geográfico: Baja California
- Subdivisión general : Descripción y viajes
670 ## - FUENTE EN LA QUE SE LOCALIZARON DATOS
- Cita de la fuente: Escamilla González, G. 1978:
- Información localizada: página 91 (Baja California -- Descripción y viajes).
902 ## - CATALOGADOR
- Catalogador: MEEG/130197
- Catalogador: VíctorGodínez/090523
